000 00316nam a22001457a 4500
008 230601b ||||| |||| 00| 0 eng d
020 _a9780889474598
041 _aeng
080 _a37
082 _a37JAC
100 _a22
101 _aEDU
245 _aPATHWAYS TO CONSTRUCTIVISM
_cJACOBS. E
942 _2udc
_cBK
999 _c59899
_d59899